00421nam a2200169 a 450000100060000000300090000600800410001502000150005604000280007108200170009910000170011624500210013326000420015430000110019649000240020765000200023119227CO-ViMGA141112s2004 ck r 000 u spa d a8476729561 aCO-ViMGAbspacCO-ViMGA04aM861.6 N378p1 aNervo, Amado10aPoesía Selecta aBarcelona : bEdicomunicación; 1999 a192 p. aColección Cultura14aPOESIA MEXICANA